000 00594nam a2200253 a 4500
001 nice12345678
003 IN_TiNIC
005 20260116011347.0
008 050524s1922 laha grp 000 0 eng
020 _a
_c100
082 0 0 _a297
_bHUS3
100 _aHussain, Ahmad
245 _aNotes on Islam
260 _aLahore
_bKashmir Bazar
_c1922
300 _a104p
500 _aincludes index and biblioraphy
505 2 _aappendix
650 _aIslam-Meccan Trade
700 1 _aNawab Amin Jung Bahadur
700 1 _aBahadur Khan
902 _bSRS
942 _cBK
999 _c839
_d839